Geology today : Understanding our planet

Zapisane w:
Opis bibliograficzny
1. autor: Murck, Barbara W.
Format: Książka
Język:Undetermined
Wydane: New York John Wiley 1999
Hasła przedmiotowe:
Etykiety: Dodaj etykietę
Nie ma etykietki, Dołącz pierwszą etykiete!
Thư viện lưu trữ: Trung tâm Học liệu Trường Đại học Cần Thơ
LEADER 00545nam a2200205Ia 4500
001 CTU_109626
008 210402s9999 xx 000 0 und d
020 |c 80.95 
082 |a 551 
082 |b M973 
100 |a Murck, Barbara W. 
245 0 |a Geology today : 
245 0 |b Understanding our planet 
245 0 |c Barbara W. Murck, Brian J. Skinner 
260 |a New York 
260 |b John Wiley 
260 |c 1999 
650 |a Historical geology 
904 |i Năm, Q. Hieu 
980 |a Trung tâm Học liệu Trường Đại học Cần Thơ